Quiz sur les dieux romains - Statistiques

Statistiques générales
  • Ce quiz a été pris 811 fois
    658 depuis la dernière actualisation
  • Le résultat moyen est 9 sur 14
Statistiques - réponses
Description Dieux romains % Correct
Dieu de la guerre Mars
90%
Déesse de la beauté et de l’amour Vénus
88%
Roi des dieux, dieu du ciel et de la foudre Jupiter
87%
Dieu de la mer et des océans Neptune
80%
Messagers des dieux, dieu des commerçants et voleurs Mercure
75%
Dieu des Enfers Pluton
71%
Dieu de la musique,de l’art Apollon
63%
Déesse de la chasse Diane
61%
Dieu de la vigne, du vin Bacchus
60%
Dieu de la forge, du feu, des volcans Vulcain
54%
Déesse du mariage Junon
51%
Déesse de l’intelligence, de la sagesse Minerve
51%
Déesse des moissons Cérès
40%
Déesse du foyer Vesta
37%
Aucun quiz correspondant
Distribution des résultats
% des personnes avec chaque résultat
Percentile par nombre de réponses
Votre historique - résultats
Vous n’avez pas pris ce quiz depuis la dernière actualisation